[Event "Tourn. n10131"]
[Site "www.echecsemail.com"]
[Date "2019.06.19"]
[Round "1"]
[White "Louis"]
[Black "Mitja"]
[WhiteElo "2110"]
[BlackElo "2030"]
[Result "1-0"]
[Round "1"]
1.c4 d5
2.cxd5 Qd8xd5
3.Nb1c3 Qd5d8
4.d4 e6
5.e4 c6
6.Bc1e3 h6
7.Bf1d3 Ng8f6
8.Ng1f3 b6
9.O-O Bf8e7
10.e5 Nf6d5
11.Nc3xd5 cxd5
12.h3 Bc8b7
13.Qd1e2 O-O
14.Rf1c1 Nb8c6
15.a3 Nc6a5
16.Bd3c2 Na5c4
17.Bc2d3 Nc4xe3
18.Qe2xe3 Ra8c8
19.Rc1xc8 Qd8xc8
20.Kh2 Qc8d7
21.g4 g5
22.h4 Qd7d8
23.Ra1h1 { resign }
1-0

[Event "Match"]
[Site "www.echecsemail.com"]
[Date "2019.06.19"]
[Round "1"]
[White "Obisporey"]
[Black "Yudoka"]
[WhiteElo "2580"]
[BlackElo "2370"]
[Result "1-0"]
[Round "1"]
1.e4 c6
2.d4 d5
3.exd5 cxd5
4.Bf1d3 Nb8c6
5.c3 Qd8c7
6.Nb1a3 a6
7.Na3c2 Ng8f6
8.h3 g6
9.Ng1e2 Bf8g7
10.Bc1f4 e5
11.dxe5 Nc6xe5
12.O-O O-O
13.Ne2d4 Nf6h5
14.Bf4h2 Qc7b6
15.Bd3e2 { resign }
1-0

[Event "Tourn. n10147"]
[Site "www.echecsemail.com"]
[Date "2019.06.19"]
[Round "1"]
[White "Coolant"]
[Black "Numanoid"]
[WhiteElo "2380"]
[BlackElo "2760"]
[Result "0-1"]
[Round "1"]
1.e4 d6
2.d4 Ng8f6
3.Bf1c4 Nf6xe4
4.Bc4xf7 Kxf7
5.Qd1h5 g6
6.Qh5d5 Kg7
7.Qd5xe4 e5
8.Ng1f3 Nb8c6
9.dxe5 Bc8f5
10.Qe4e2 dxe5
11.Nf3xe5 Nc6d4
12.Qe2c4 Nd4xc2
13.Kf1 Qd8d1
{ resign }
0-1

[Event "Tourn. n10134"]
[Site "www.echecsemail.com"]
[Date "2019.06.19"]
[Round "1"]
[White "Pdebonis"]
[Black "D4minance"]
[WhiteElo "2720"]
[BlackElo "2710"]
[Result "0-1"]
[Round "1"]
1.e4 c5
2.Ng1f3 Nb8c6
3.Bf1b5 g6
4.O-O Bf8g7
5.Rf1e1 e5
6.d3 Ng8e7
7.Bb5c4 O-O
8.Nb1c3 d6
9.Bc1g5 h6
10.Bg5d2 Nc6a5
11.b3 Na5xc4
12.bxc4 Ne7c6
13.h3 f5
14.exf5 gxf5
15.Qd1c1 Kh7
16.Qc1d1 Bc8e6
17.Ra1b1 b6
18.Qd1e2 Qd8d7
19.a3 Ra8e8
20.Qe2d1 Qd7f7
21.Qd1e2 Rf8g8
22.Nc3b5 Qf7d7
23.Nb5c3 Nc6d4
24.Qe2d1 e4
25.dxe4 Be6xc4
26.Nf3h4 Qd7b7
27.Nc3d5 fxe4
28.Nd5e3 Bg7f6
29.Ne3xc4 Bf6xh4
{ resign }
0-1

[Event "Match"]
[Site "www.echecsemail.com"]
[Date "2019.06.19"]
[Round "1"]
[White "Bojan"]
[Black "Ssharp"]
[WhiteElo "2030"]
[BlackElo "2290"]
[Result "0-1"]
[Round "1"]
1.e4 e5
2.Ng1f3 Ng8f6
3.Bf1c4 Nf6xe4
4.Qd1e2 d5
5.Bc4d3 Bf8d6
6.h3 f5
7.Nb1c3 Ne4xc3
8.dxc3 O-O
9.Bc1g5 Qd8e8
10.Nf3h2 Qe8g6
11.Bg5h4 e4
12.Bd3b5 c6
13.Bb5a4 Qg6xg2
14.Qe2f1 Qg2xf1
15.Kxf1 Nb8d7
16.Ra1d1 b5
17.Ba4b3 h6
18.f3 Nd7c5
19.Ke2 Nc5xb3
20.axb3 g5
21.Bh4f2 Bd6xh2
22.Rh1xh2 Kg7
23.Bf2c5 Rf8e8
24.f4 Kg6
25.Ke3 g4
26.Rd1g1 h5
27.Kd4 Bc8d7
28.Bc5d6 Re8h8
29.Bd6e5 Rh8h7
30.Kc5 Bd7e8
31.h4 Kf7
32.Rh2d2 Ke6
33.Rg1a1 Rh7b7
34.Ra1a6 Be8d7
35.Rd2xd5 Kf7
36.Rd5d6 Ra8g8
37.Ra6a1 Bd7e8
38.Ra1d1 Rg8g6
39.Rd6d2 Ke7
40.Kb4 Rb7d7
41.Be5d4 Kf7
42.Rd2g2 a5
43.Ka3 c5
44.Rg2d2 b4
45.Ka2 cxd4
46.cxd4 e3
47.Rd2e2 Rd7e7
48.c4 bxc3
49.bxc3 a4
50.c4 axb3
51.Kxb3 Rg6b6
52.Kc3 Be8a4
53.Rd1e1 Rb6b3
54.Kc2 Re7b7
55.Re2xe3 Rb3xe3
{ resign }
0-1

[Event "Match"]
[Site "www.echecsemail.com"]
[Date "2019.06.19"]
[Round "1"]
[White "Yudoka"]
[Black "Numanoid"]
[WhiteElo "2360"]
[BlackElo "2780"]
[Result "0-1"]
[Round "1"]
1.d4 e6
2.c4 d5
3.Nb1c3 Ng8f6
4.Bc1g5 c5
5.e3 cxd4
6.exd4 Bf8e7
7.Ng1f3 Nb8c6
8.c5 O-O
9.Bf1d3 h6
10.Bg5h4 b6
11.cxb6 Qd8xb6
 { time }
0-1

[Event "Tourn. n10138"]
[Site "www.echecsemail.com"]
[Date "2019.06.19"]
[Round "1"]
[White "Seger"]
[Black "Reignblowcan"]
[WhiteElo "2810"]
[BlackElo "2610"]
[Result "1-0"]
[Round "1"]
1.d4 Ng8f6
2.c4 d6
3.Ng1f3 Nb8d7
4.Nb1c3 e5
5.e4 exd4
6.Nf3xd4 g6
7.f3 Bf8g7
8.Bc1g5 Nd7c5
9.Qd1d2 a5
10.O-O-O Bc8d7
11.Bf1e2 h6
12.Bg5e3 Nc5a4
13.Nc3xa4 Bd7xa4
14.b3 Ba4d7
15.a4 Qd8e7
16.Kb1 b6
17.Ka2 O-O-O
18.Rh1e1 Kb8
19.b4 axb4
20.Qd2xb4 Kb7
21.Nd4b5 Rd8a8
22.Rd1xd6 Kc8
23.c5 { resign }
1-0

[Event "Tourn. n10149"]
[Site "www.echecsemail.com"]
[Date "2019.06.19"]
[Round "1"]
[White "Fantomas"]
[Black "Tonino1"]
[WhiteElo "2230"]
[BlackElo "2040"]
[Result "0-1"]
[Round "1"]
1.e4 d6
2.f4 Ng8f6
3.Nb1c3 c6
4.Ng1f3 Qd8c7
5.d4 g6
6.Bf1e2 Bf8g7
7.O-O O-O
8.Ra1b1 a5
9.a4 Nb8d7
10.Qd1e1 Qc7b6
11.Kh1 Nf6e8
12.Bc1e3 e5
13.Qe1f2 exd4
14.Nf3xd4 Qb6c7
15.Be2g4 Nd7c5
16.Bg4xc8 Ra8xc8
17.Nd4e2 b6
18.f5 Qc7e7
19.Be3xc5 bxc5
20.fxg6 fxg6
21.Qf2e1 Ne8f6
22.Ne2g3 Nf6g4
23.Rf1f3 Bg7d4
24.Nc3d1 Qe7h4
{ resign }
0-1

[Event "Match"]
[Site "www.echecsemail.com"]
[Date "2019.06.19"]
[Round "1"]
[White "Astrys"]
[Black "Chapi"]
[WhiteElo "1799"]
[BlackElo "2090"]
[Result "0-1"]
[Round "1"]
1.e4 c5
2.Ng1f3 Nb8c6
3.Bf1b5 d6
4.O-O Bc8d7
5.c3 g6
6.d4 cxd4
7.cxd4 Bf8g7
8.Nb1c3 Ng8f6
9.Bc1g5 a6
10.Bb5c4 Ra8c8
11.Bc4b3 Qd8b6
 { time }
0-1

[Event "Tourn. n10088"]
[Site "www.echecsemail.com"]
[Date "2019.06.19"]
[Round "1"]
[White "Rons"]
[Black "Seger"]
[WhiteElo "2670"]
[BlackElo "2780"]
[Result "0-1"]
[Round "1"]
1.e4 c5
2.Ng1f3 d6
3.d4 cxd4
4.Nf3xd4 e5
5.Bf1b5 Nb8d7
6.Nd4f5 a6
7.Bb5a4 b5
8.Ba4b3 Nd7c5
9.Bb3d5 Bc8xf5
10.exf5 Ra8c8
11.g4 h5
12.h3 hxg4
13.hxg4 Rh8xh1
14.Bd5xh1 Qd8h4
15.Bh1f3 d5
16.Nb1c3 d4
17.Nc3d5 Bf8d6
18.Kf1 Kf8
19.Bf3g2 Nc5d7
20.g5 Ng8e7
21.Nd5xe7 Bd6xe7
22.a4 b4
23.Qd1f3 Ke8
24.Qf3d3 Be7xg5
25.Bc1xg5 Qh4xg5
26.Ra1e1 a5
27.Bg2b7 Rc8c5
28.Qd3e4 Qg5f6
29.Bb7d5 Kd8
30.Bd5b3 Qf6c6
31.Qe4g4 Kc7
32.Kg1 Qc6f6
33.Kg2 Kb6
34.Kg1 Ka7
35.Kg2 Rc5c7
36.Qg4e4 Kb6
37.Kf3 Qf6d6
38.Qe4a8 f6
39.Qa8d8 Qd6c6
40.Kg3 Kb7
41.f3 Nd7b6
42.Re1d1 Qc6c5
43.Qd8e8 Rc7c8
44.Qe8f7 Rc8c7
45.Qf7e8 Ka6
46.Rd1d2 Rc7c8
47.Qe8e6 Rc8h8
48.Kg2 Qc5c7
49.Kg1 Ka7
50.Rd2h2 Rh8c8
51.Kf1 Rc8d8
52.Kg1 Rd8d7
53.Rh2e2 Rd7e7
54.Qe6g8 e4
55.fxe4 Qc7g3
56.Re2g2 Qg3e1
57.Kh2 g5
58.fxg6 Qe1xe4
59.Qg8f7 Qe4f4
60.Kg1 Qf4e3
61.Kh1 Re7xf7
62.Bb3xf7 Nb6c8
63.g7 Nc8e7
64.b3 f5
65.g8Q Ne7xg8
66.Bf7xg8 Qe3e1
67.Kh2 Qe1e5
68.Kg1 f4
69.Bg8c4 f3
70.Rg2g4 Qe5e1
{ resign }
0-1

[Event "Tourn. n10106"]
[Site "www.echecsemail.com"]
[Date "2019.06.19"]
[Round "1"]
[White "Mitja"]
[Black "Orhany24"]
[WhiteElo "2110"]
[BlackElo "2080"]
[Result "0-1"]
[Round "1"]
1.d4 d5
2.e3 Ng8f6
3.c3 Bc8f5
4.h3 e6
5.Ng1e2 Bf8d6
6.Nb1d2 O-O
7.b3 c5
8.dxc5 Bd6xc5
9.Bc1b2 Nb8c6
10.Ne2g3 Bf5g6
11.Bf1e2 a6
12.O-O e5
13.Nd2f3 h6
14.b4 Bc5b6
15.a3 Rf8e8
16.Rf1e1 Qd8c7
17.Nf3h2 Ra8d8
18.Be2d3 e4
19.Bd3c2 Nc6e5
20.Qd1e2 Bb6a7
21.Ra1d1 Ba7b8
22.Nh2f1 h5
23.Rd1d2 Ne5c4
24.Bc2b3 Nc4xd2
25.Qe2xd2 h4
26.Ng3e2 Bg6f5
27.Ne2d4 Bf5e6
28.a4 Qc7d7
29.Nd4xe6 Qd7xe6
30.Re1d1 Qe6f5
31.Qd2e2 Qf5g5
32.Rd1d2 Re8e6
33.c4 Re6d6
34.c5 Rd6d7
35.Bb2d4 Bb8e5
36.Bd4xe5 Qg5xe5
37.Rd2d4 Nf6h5
38.Qe2g4 g6
39.Qg4xh4 Nh5g7
40.g4 Ng7e6
41.Rd4d2 Ne6g5
42.Nf1h2 Kg7
43.Rd2d4 Rd8h8
44.Qh4g3 Qe5xg3
45.fxg3 Rh8xh3
46.Kg2 Rh3xh2
47.Kxh2 Ng5f3
{ resign }
0-1

[Event "Match"]
[Site "www.echecsemail.com"]
[Date "2019.06.19"]
[Round "1"]
[White "Llord"]
[Black "Ditto"]
[WhiteElo "2020"]
[BlackElo "1870"]
[Result "1-0"]
[Round "1"]
1.e4 e5
2.Ng1f3 Nb8c6
3.Bf1c4 Ng8f6
4.Nb1c3 Bf8b4
5.a3 Bb4c5
6.Nf3g5 d5
7.exd5 Nc6d4
8.d6 Qd8xd6
9.Ng5xf7 Qd6c6
10.Bc4d5 Nf6xd5
11.Nf7xh8 Bc8e6
12.Qd1h5 g6
13.Nh8xg6 Be6f7
14.Qh5xh7 Nd5f6
15.Qh7h8 Bf7g8
16.d3 O-O-O
17.Bc1g5  { time }
1-0

[Event "Tourn. n10149"]
[Site "www.echecsemail.com"]
[Date "2019.06.19"]
[Round "1"]
[White "Mitja"]
[Black "Fantomas"]
[WhiteElo "2000"]
[BlackElo "2190"]
[Result "0-1"]
[Round "1"]
1.d4 d5
2.e3 Ng8f6
3.c3 g6
4.h3 Bf8g7
5.b3 O-O
6.Bc1b2 Nf6e4
7.Ng1f3 a6
8.Nb1d2 f5
9.Nd2xe4 fxe4
10.Nf3d2 e5
11.dxe5 Bg7xe5
12.Qd1c2 Qd8f6
13.Nd2b1 Bc8e6
14.Nb1a3 c5
15.g4 Qf6f3
16.Rh1g1 Be5h2
17.Bf1g2 Qf3f7
18.Rg1f1 Nb8c6
19.O-O-O Bh2e5
20.f4 Be5g7
21.g5 Nc6e7
22.Rf1h1 Ne7f5
23.Qc2f2 Rf8e8
24.h4 Kf8
25.h5 Ke7
26.hxg6 hxg6
27.Na3c2 Re8h8
28.Qf2d2 Nf5h4
29.Rh1g1 Nh4xg2
30.Rg1xg2 Ra8d8
31.Rg2g1 Qf7e8
32.Bb2a3 Qe8c6
33.Rg1h1 Rh8xh1
34.Rd1xh1 Be6g8
35.Rh1d1 b5
{ resign }
0-1

[Event "Tourn. n10045"]
[Site "www.echecsemail.com"]
[Date "2019.06.19"]
[Round "1"]
[White "Gvladutz"]
[Black "Seger"]
[WhiteElo "2500"]
[BlackElo "2760"]
[Result "0-1"]
[Round "1"]
1.e4 c5
2.Ng1f3 b6
3.d4 cxd4
4.Nf3xd4 Bc8b7
5.Nb1c3 a6
6.Bf1e2 e6
7.O-O Qd8c7
8.Bc1g5 h6
9.Bg5h4 Bf8d6
10.Nd4f3 Nb8c6
11.Qd1d3 Nc6e5
12.Nf3xe5 Bd6xe5
13.Bh4g3 Ng8f6
14.Bg3xe5 Qc7xe5
15.Qd3e3 Nf6xe4
16.Be2d3 f5
17.Ra1d1 Ra8c8
18.Bd3xe4 fxe4
19.Qe3xb6 Bb7c6
20.Qb6xa6 O-O
21.Rf1e1 Rc8b8
22.Qa6a3 Qe5f4
23.Re1e2 d5
24.Qa3e7 Rf8e8
25.Qe7c5 Re8c8
26.b3 Bc6e8
27.Qc5e3 Qf4f6
28.Rd1d4 Rb8b7
29.Nc3xe4 dxe4
30.Qe3xe4 Rb7e7
31.c4 e5
32.Rd4d1 Be8h5
33.Qe4d5 Kh7
34.Qd5e4 Kh8
35.f3 Bh5g6
36.Qe4d5 Re7e8
37.Qd5a5 e4
38.fxe4 Re8xe4
39.Re2xe4 Bg6xe4
40.Qa5d2 Qf6g6
41.Rd1e1 Kh7
42.Re1e2 Rc8c6
43.h3 Rc6d6
44.Qd2f4 Rd6d1
45.Kh2 Be4b7
46.Re2d2 Rd1e1
47.Rd2f2 Qg6b1
48.Kg3 Bb7e4
49.Qf4d2 Re1h1
50.Qd2e2 Be4g6
51.Qe2e3 Bg6h5
52.Rf2d2 Qb1g6
53.Kf2 Qg6f7
54.Kg3 Qf7g6
55.Kf2 Qg6f7
56.Kg3 Qf7c7
57.Qe3f4 Qc7e7
58.Rd2d3 Qe7e1
59.Qf4f2 Qe1b1
60.Qf2e3 Rh1e1
61.Qe3d4 Qb1xa2
62.Qd4c5 Qa2c2
63.Rd3d8 Qc2xb3
64.Kh2 Qb3b1
65.Kg3 Re1h1
66.Qc5e5 Qb1g6
67.Kf2 Bh5f3
68.Kxf3 Rh1f1
69.Ke3 Rf1e1
70.Kf4 Re1xe5
71.Kxe5 Qg6f6
{ resign }
0-1

[Event "Match"]
[Site "www.echecsemail.com"]
[Date "2019.06.19"]
[Round "1"]
[White "Yudoka"]
[Black "Aperturaf"]
[WhiteElo "2380"]
[BlackElo "2740"]
[Result "0-1"]
[Round "1"]
1.d4 e6
2.c4 d5
3.Nb1c3 Ng8f6
4.Ng1f3 Bf8e7
5.Bc1f4 O-O
6.e3 Nb8d7
7.Ra1c1 c5
8.Bf1d3 dxc4
9.Bd3xc4 a6
10.a4 cxd4
11.exd4 Nd7b6
12.Bc4d3 Bc8d7
13.O-O Nf6d5
14.Bf4g3 Nd5xc3
15.bxc3 Bd7xa4
16.Qd1e2 Nb6d5
17.c4 Nd5f6
18.Qe2b2 Ba4c6
19.Rf1d1 a5
20.Nf3e5 a4
{ resign }
0-1

[Event "Tourn. n10155"]
[Site "www.echecsemail.com"]
[Date "2019.06.19"]
[Round "1"]
[White "Apdash"]
[Black "Fantomas"]
[WhiteElo "2200"]
[BlackElo "2210"]
[Result "0-1"]
[Round "1"]
1.e4 c5
2.Ng1f3 Nb8c6
3.Bf1c4 e6
4.d4 Nc6a5
5.Bc4e2 cxd4
6.Nf3xd4 Na5c6
7.O-O Nc6xd4
8.Qd1xd4 b6
9.b4 Bc8b7
10.a3 Ng8e7
11.c4 Ne7c6
12.Qd4c3 e5
13.Bc1e3 d6
14.Nb1d2 Qd8c7
15.f4 O-O-O
16.Ra1c1 f6
17.c5 bxc5
18.bxc5 dxc5
19.Be3xc5 Bf8xc5
20.Qc3xc5 Rd8xd2
21.Be2g4 Kb8
22.Rc1b1 Nc6d4
23.Qc5xc7 Kxc7
24.Rf1c1 Kb8
25.fxe5 fxe5
26.Rc1c5 Rh8e8
27.a4 Rd2c2
28.Rc5a5 Ka8
29.Bg4d7 Re8e7
30.Bd7b5 Rc2c5
31.Rb1f1 Nd4xb5
32.Rf1f8 Rc5c8
33.Rf8xc8 Bb7xc8
34.axb5 Bc8b7
35.Ra5a4 Re7d7
36.b6 a6
37.Ra4a5 Rd7e7
38.Kf2 Re7e6
39.Kg3 h5
40.Kh4 g6
41.Kg5 Bb7c8
42.h3 Kb7
43.g4 hxg4
44.hxg4 Kxb6
45.Ra5a1 Re6d6
46.Ra1h1 Bc8b7
47.Rh1h6 Bb7xe4
48.Rh6h8 Kc5
49.Rh8c8 Kd4
50.Rc8c1 a5
51.Rc1a1 Rd6d5
52.Ra1a4 Ke3
53.Ra4a3 Kd2
54.Kf6 Rd5b5
55.Ra3a4 Be4c2
56.Ra4a2 a4
57.g5 Kc3
58.Ra2a3 Kb2
59.Ra3e3 a3
{ resign }
0-1

[Event "Tourn. n10158"]
[Site "www.echecsemail.com"]
[Date "2019.06.19"]
[Round "1"]
[White "Fantomas"]
[Black "Apdash"]
[WhiteElo "2210"]
[BlackElo "2200"]
[Result "1/2-1/2"]
[Round "1"]
1.e4 c5
2.Ng1f3 d6
3.Bf1c4 e6
4.Nb1c3 a6
5.a3 b5
6.Bc4e2 Bc8b7
7.d3 Nb8d7
8.h3 g6
9.Bc1e3 Bf8g7
10.Qd1d2 Ng8f6
11.d4 Nf6xe4
12.Nc3xe4 Bb7xe4
13.c3 cxd4
14.Be3xd4 e5
15.Bd4e3 d5
16.O-O O-O
17.Ra1d1 f5
18.Nf3g5 f4
19.Ng5xe4 fxe3
20.fxe3 Rf8xf1
21.Be2xf1 Nd7b6
22.Ne4f2 Qd8g5
23.Bf1e2 Ra8d8
24.Be2g4 h5
25.Bg4e2 Bg7h6
26.Qd2c2 Kh7
27.e4 dxe4
28.Rd1xd8 Qg5xd8
29.Nf2xe4 Qd8h4
30.Kh2 Qh4f4
31.g3 Qf4e3
32.Kg2 Nb6d5
33.Qc2d3 Qe3xd3
34.Be2xd3 Nd5e3
35.Kf3 Ne3d1
36.b3 Nd1e3
37.c4 bxc4
38.bxc4 Ne3f5
39.c5 Nf5d4
40.Kf2 a5
41.a4 Nd4e6
42.Bd3b5 Bh6f8
43.c6 Ne6c7
44.Bb5c4 Bf8e7
45.Ke3 Kg7
46.Ne4c3 Kf6
47.Ke4 { draw }
1/2-1/2

[Event "1/128 Finale"]
[Site "www.chess-mail.com"]
[Date "2019.06.19"]
[Round "1"]
[White "Nokia"]
[Black "Llord"]
[WhiteElo "1809"]
[BlackElo "2010"]
[Result "0-1"]
[Round "1"]
1.f4 Nb8c6
2.Ng1f3 Ng8f6
3.e3 e6
4.b3 Bf8d6
5.Bc1b2 O-O
6.Bf1e2 e5
7.fxe5 Nc6xe5
8.O-O Ne5xf3
9.Be2xf3 Rf8e8
10.Nb1c3 c6
11.a4 Ra8b8
12.Qd1e2 b6
13.Qe2d3 Qd8c7
14.h3 h6
15.Nc3e4 Nf6xe4
16.Bf3xe4 Bd6h2
17.Kh1 d5
18.Qd3c3 Bh2e5
19.d4 Be5f6
20.Be4f3 Bc8a6
21.Rf1e1 Qc7g3
22.Kg1 Bf6h4
23.Qc3xc6 Rb8c8
24.Qc6xd5 Qg3f2
25.Kh1 Rc8b8
 { time }
0-1

[Event "Tourn. n10135"]
[Site "www.echecsemail.com"]
[Date "2019.06.20"]
[Round "1"]
[White "Bgm9"]
[Black "Cal"]
[WhiteElo "1749"]
[BlackElo "1640"]
[Result "1-0"]
[Round "1"]
1.d4 d5
2.c4 e6
3.Ng1f3 h6
4.Bc1f4 Ng8f6
5.Nb1c3 dxc4
6.e4 Bf8b4
7.Qd1c2 a6
8.Bf1xc4 Nb8c6
9.Ra1d1 O-O
10.O-O Bc8d7
11.a3 Bb4a5
12.b4 Ba5b6
13.h3 Nc6e7
14.Bf4e5 Nf6h7
15.d5 exd5
16.Nc3xd5 Ne7xd5
17.Bc4xd5 c6
18.Bd5b3 Qd8e7
19.Be5d6 Qe7f6
20.e5 Qf6f4
21.e6 Bd7xe6
22.Bd6xf4 Ra8c8
23.Bf4d6 Be6xb3
24.Qc2xb3 Rf8e8
25.Nf3e5 Nh7g5
26.h4 Re8e6
27.hxg5 hxg5
28.Ne5c4 Rc8e8
29.Nc4xb6 g4
30.Bd6f4 Re6e4
31.g3 g6
32.Rd1d7 Re8f8
33.Bf4d6 Re4e6
34.Bd6xf8 Kxf8
35.Rd7xb7 { resign }
1-0

[Event "Match"]
[Site "www.echecsemail.com"]
[Date "2019.06.20"]
[Round "1"]
[White "Kevinking"]
[Black "Ditto"]
[WhiteElo "1910"]
[BlackElo "1880"]
[Result "1-0"]
[Round "1"]
1.d4 d5
2.Ng1f3 Nb8c6
3.e3 Bc8f5
4.Bf1d3 Bf5g4
5.O-O e6
6.c4 Qd8f6
7.Nb1d2 dxc4
8.Bd3xc4 Bf8d6
9.Qd1a4 Ng8e7
10.Bc4e2 Ne7f5
11.Rf1e1 Qf6g6
12.Kh1 Qg6h6
13.e4 Bg4xf3
14.Nd2xf3 O-O
15.Bc1xh6 Nf5xh6
16.Be2b5 Nc6e7
17.Ra1c1 a6
18.Bb5f1 b5
{ time. }
1-0

[Event "Match"]
[Site "www.echecsemail.com"]
[Date "2019.06.20"]
[Round "1"]
[White "Riemis"]
[Black "Guidom"]
[WhiteElo "1809"]
[BlackElo "2020"]
[Result "0-1"]
[Round "1"]
1.e4 e5
2.Ng1f3 Nb8c6
3.Bf1b5 a6
4.Bb5a4 Ng8f6
5.O-O d6
6.c3 Bc8d7
7.d4 b5
8.Ba4c2 Bf8e7
9.Bc1g5 O-O
10.Qd1d2 Bd7g4
11.Nf3h4 d5
12.Nb1a3 Nf6xe4
13.Bc2xe4 Be7xg5
{ resign }
0-1

[Event "Tourn. n10096"]
[Site "www.echecsemail.com"]
[Date "2019.06.20"]
[Round "1"]
[White "Bgm9"]
[Black "Karadayi"]
[WhiteElo "1749"]
[BlackElo "1330"]
[Result "1-0"]
[Round "1"]
1.d4 d5
2.c4 e6
3.Ng1f3 Bf8b4
4.Bc1d2 Nb8c6
5.a3 Bb4xd2
6.Nb1xd2 Ng8f6
7.e3 O-O
8.c5 a6
9.b4 h6
10.Bf1d3 b6
11.Ra1c1 b5
12.O-O a5
13.Bd3xb5 Bc8b7
14.Bb5xc6 Bb7xc6
15.Nf3e5 Bc6b5
16.Rf1e1 axb4
17.axb4 c6
18.Rc1a1 Ra8xa1
19.Qd1xa1 Qd8a8
20.f3 Qa8xa1
21.Re1xa1  { time }
1-0

[Event "Tourn. n10094"]
[Site "www.echecsemail.com"]
[Date "2019.06.20"]
[Round "1"]
[White "Ditto"]
[Black "Cal"]
[WhiteElo "1770"]
[BlackElo "1720"]
[Result "1-0"]
[Round "1"]
1.e4 e5
2.Ng1f3 d6
3.Bf1c4 h6
4.d3 a6
5.c3 Ng8f6
6.Bc1e3 Bc8g4
7.Nb1d2 b5
8.Bc4b3 c5
9.Qd1c1 Bg4h5
10.c4 Nb8c6
11.O-O Nf6g4
12.cxb5 Bf8e7
13.bxc6 O-O
14.Bb3d5 Ng4f6
15.Qc1c4 Bh5xf3
16.Nd2xf3 Qd8c7
17.Be3d2 a5
18.Nf3h4 Nf6g4
19.Nh4f5 a4
20.a3 Be7f6
21.f3 Ng4xh2
22.Kxh2 Kh7
23.Qc4c1 g5
24.Rf1h1 h5
25.Bd2xg5 Rf8g8
26.Bg5xf6 Rg8g6
27.Bf6h4 Ra8g8
28.Rh1g1 Qc7b6
29.Nf5e7 Rg8g7
30.Ne7xg6 fxg6
31.Ra1b1 Qb6b8
32.Qc1c2 g5
33.Bh4f2 Qb8f8
34.Rg1h1 Kg6
35.Kg1 Qf8f4
36.Qc2xa4 h4
37.Qa4d1 g4
38.Rh1xh4 Kf6
39.Rh4xg4 Rg7xg4
40.fxg4 Kg5
41.Qd1f3 Qf4xf3
42.gxf3 Kf4
43.Kg2 { resign }
1-0

[Event "Match"]
[Site "www.echecsemail.com"]
[Date "2019.06.20"]
[Round "1"]
[White "Liencam2"]
[Black "Insearchof"]
[WhiteElo "2240"]
[BlackElo "2170"]
[Result "0-1"]
[Round "1"]
1.e4 c5
2.Nb1c3 d6
3.Ng1f3 Ng8f6
4.d4 cxd4
5.Nf3xd4 a6
6.Bf1e2 e5
7.Nd4b3 Bf8e7
8.O-O O-O
9.Bc1e3 Bc8e6
10.f3 Nb8d7
11.Qd1e1 b5
12.Qe1f2 Ra8c8
13.Ra1c1 Qd8c7
14.Rf1d1 Rf8d8
15.a3 h6
16.Rd1d2 Nd7c5
17.Be3xc5 dxc5
18.Rc1d1 Rd8xd2
19.Rd1xd2 c4
20.Nb3c1 Be7c5
21.Qf2xc5 Qc7xc5
{ resign }
0-1

[Event "Tourn. n10158"]
[Site "www.echecsemail.com"]
[Date "2019.06.21"]
[Round "1"]
[White "Sorim"]
[Black "Bojan"]
[WhiteElo "2230"]
[BlackElo "2010"]
[Result "1-0"]
[Round "1"]
1.d4 d5
2.c4 e6
3.Ng1f3 f6
4.Nb1c3 c6
5.e3 b6
6.Bf1d3 dxc4
7.Bd3xc4 Bc8d7
8.O-O Ng8e7
9.Nf3d2 Ne7d5
10.e4 Nd5xc3
11.bxc3 Bf8d6
12.Qd1h5 g6
13.Qh5h6 Qd8e7
14.f4 c5
15.e5 fxe5
16.fxe5 Bd6c7
17.Nd2e4 Bd7c6
18.Ne4g5 cxd4
19.Rf1f7 Qe7c5
20.Ng5xe6 Qc5xe5
21.Bc1f4 Qe5h5
22.Ne6xc7 Kd8
23.Rf7f8 Rh8xf8
24.Qh6xf8 { resign }
1-0

[Event "Tourn. n10033"]
[Site "www.echecsemail.com"]
[Date "2019.06.21"]
[Round "1"]
[White "Jaroslavpech"]
[Black "Virgil08bv"]
[WhiteElo "2580"]
[BlackElo "2580"]
[Result "1-0"]
[Round "1"]
1.e4 d6
2.d4 Ng8f6
3.Nb1c3 g6
4.Ng1f3 Bf8g7
5.Bf1e2 O-O
6.O-O c6
7.a4 a5
8.Bc1e3 Nb8a6
9.h3 Na6b4
10.Qd1d2 e5
11.dxe5 dxe5
12.Rf1d1 Qd8e7
13.Nf3g5 h6
14.Ng5f3 Kh7
15.Be3b6 Bc8e6
16.Nf3xe5 Be6xh3
17.f4 Bh3e6
18.Be2f3 Rf8c8
19.Qd2f2 Bg7f8
20.Rd1d2 Ra8a6
21.Bb6e3 Ra6a8
22.Rd2e2 Rc8e8
23.Ra1e1 Nf6g8
24.f5 Bf8g7
25.Be3c5 Qe7c7
26.Ne5g4 Be6c4
27.Re2d2 gxf5
28.Bc5d6 Qc7c8
29.Ng4e3 Bc4e6
30.exf5 Be6d5
31.Ne3xd5 Nb4xd5
32.Nc3xd5 Re8xe1
33.Qf2xe1 Kh8
34.Nd5c7 Ra8b8
35.Qe1g3 Qc8xf5
36.Nc7e6 Qf5xe6
37.Bd6xb8 Qe6e3
38.Qg3f2 Qe3xf2
39.Kxf2 Bg7xb2
40.c4 Bb2c3
41.Rd2d7 { resign }
1-0

[Event "Tourn. n10158"]
[Site "www.echecsemail.com"]
[Date "2019.06.21"]
[Round "1"]
[White "Bojan"]
[Black "Apdash"]
[WhiteElo "2010"]
[BlackElo "2200"]
[Result "1/2-1/2"]
[Round "1"]
1.e4 c5
2.Ng1f3 d6
3.d4 cxd4
4.Nf3xd4 Nb8c6
5.Bf1b5 Bc8d7
6.Bc1f4 g6
7.Nd4xc6 bxc6
8.Bb5d3 Bf8g7
9.c3 Qd8b6
10.Qd1d2 e5
11.Bf4e3 Qb6c7
12.Be3g5 Ng8f6
13.Qd2e3 Qc7b6
14.Qe3e2 Ra8b8
15.b3 O-O
16.Nb1d2 Rf8e8
17.Nd2c4 Qb6c7
18.O-O d5
19.Nc4d2 dxe4
20.Nd2xe4 Nf6xe4
21.Bd3xe4 f5
22.Be4d3 e4
23.Bd3c4 Kh8
24.Qe2e3 Bg7e5
25.g3 Qc7a5
26.Rf1c1 Bd7e6
27.Bc4e2 c5
28.Rc1c2 Be6xb3
29.Rc2c1 Bb3f7
30.Rc1c2 Rb8b7
31.Ra1c1 Re8b8
32.Qe3d2 Rb7b1
33.Kg2 Rb1xc1
34.Rc2xc1 Qa5xa2
35.Qd2xa2 Bf7xa2
36.Be2a6 Kg7
37.Bg5d2 Rb8b6
38.Ba6c8 a5
39.Bc8d7 a4
40.Bd7xa4 Ba2d5
41.Bd2e3 Rb6a6
42.Ba4b5 Ra6a5
43.c4 Bd5f7
44.Rc1d1 Bf7e6
45.Rd1d8 Ra5a1
46.Be3xc5 Ra1c1
47.Bc5a3 Rc1c2
48.Ba3f8 Kf7
49.Bf8h6 Be6xc4
50.Bb5xc4 Rc2xc4
51.Bh6e3 Rc4c7
52.Rd8d5 Be5g7
53.h3 h6
54.g4 fxg4
55.hxg4 Ke6
56.Rd5b5 Kf7
57.Kg3 Rc7e7
58.g5 h5
59.Kf4 Bg7f8
60.Rb5e5 { draw }
1/2-1/2

[Event "Match"]
[Site "www.echecsemail.com"]
[Date "2019.06.21"]
[Round "1"]
[White "Bjonil60"]
[Black "Sonny1000"]
[WhiteElo "1450"]
[BlackElo "1570"]
[Result "0-1"]
[Round "1"]
1.Nb1c3 c6
2.e3 e5
3.Nc3e4 Qd8e7
4.Qd1e2 b5
5.b3 b4
6.d3 c5
7.Ne4d2 d5
8.Ng1f3 Nb8c6
9.g3 Bc8g4
10.h3 Bg4f5
11.g4 Bf5c8
12.Bf1g2 Qe7d7
13.e4 Nc6d4
14.Nf3xd4 Qd7b7
15.Nd4f3 dxe4
16.Nf3h2 Qb7b5
17.Nd2c4 f6
18.Bg2xe4 Qb5b8
19.f3 a5
20.Qe2e3 a4
21.Be4xa8 Qb8xa8
22.Nc4b2 Bc8e6
23.bxa4 Be6d5
24.Nh2f1 Bd5xf3
25.Rh1g1 e4
26.Nf1g3 Bf8d6
27.Ng3f5 Bd6e5
28.Nf5xg7 Kf7
29.Ng7h5 Be5h2
30.Rg1f1 Bf3g2
31.Rf1f2 exd3
32.Qe3xd3 Bg2e4
33.Qd3b5 Be4xc2
34.Rf2xc2 Qa8h1
35.Kd2 Qh1d5
36.Ke3 Qd5e5
37.Kf3 Qe5d5
38.Ke2 Qd5g2
39.Kd3 Qg2f1
40.Kd2 Bh2f4
41.Nh5xf4 Qf1xf4
42.Kd1 Qf4f3
43.Kd2 Qf3xh3
44.Nb2d3 Ng8e7
45.Rc2xc5 Qh3h2
46.Ke3 Qh2g3
47.Kd4 Qg3xg4
48.Ke3 Ne7d5
49.Rc5xd5 Rh8e8
50.Kd2 Qg4e2

0-1

[Event "Tourn. n10058"]
[Site "www.echecsemail.com"]
[Date "2019.06.21"]
[Round "1"]
[White "Seger"]
[Black "Numanoid"]
[WhiteElo "2760"]
[BlackElo "2700"]
[Result "1-0"]
[Round "1"]
1.d4 d5
2.Ng1f3 Ng8f6
3.c4 e6
4.Qd1c2 c6
5.Nb1d2 Nb8d7
6.g3 Bf8d6
7.Bf1g2 O-O
8.O-O Rf8e8
9.Rf1d1 e5
10.dxe5 Nd7xe5
11.Nf3xe5 Bd6xe5
12.Nd2f3 Be5c7
13.cxd5 cxd5
14.Bc1g5 Bc7b6
15.a4 h6
16.Bg5xf6 Qd8xf6
17.a5 Bc8f5
18.Qc2a4 Bb6c5
19.Rd1xd5 b6
20.Nf3d4 Bf5e4
21.Bg2xe4 Re8xe4
22.e3 Bc5xd4
23.Rd5xd4 Re4xd4
24.Qa4xd4 Qf6xd4
25.exd4 bxa5
26.Ra1xa5 Ra8b8
27.Ra5a2 Kf8
28.Kf1 Rb8b4
29.Ke2 Rb4xd4
30.Ra2xa7 Rd4b4
31.Ra7a2 Rb4b3
32.Kd1 Ke7
33.Kc1 Rb3f3
34.b4 Kd6
35.Ra2d2 Ke6
36.Kb2 h5
37.Ka2 Rf3c3
38.b5 g6
39.f4 Rc3c5
40.b6 Rc5c8
41.Kb1 Rc8b8
42.Rd2b2 Kf5
43.Kc2 h4
44.gxh4 Kxf4
45.Kd3 f5
46.Kd4 Kg4
47.Ke5 Kxh4
48.b7 Kh3
49.Kf4 Kh4
50.Rb2b3 { resign }
1-0

[Event "Tourn. n10160"]
[Site "www.echecsemail.com"]
[Date "2019.06.21"]
[Round "1"]
[White "Apdash"]
[Black "Bojan"]
[WhiteElo "2220"]
[BlackElo "2020"]
[Result "1/2-1/2"]
[Round "1"]
1.e4 e5
2.Ng1f3 d6
3.Bf1c4 h6
4.O-O a6
5.d4 Qd8f6
6.dxe5 dxe5
7.Qd1d5 Bf8d6
8.Nb1c3 Nb8c6
9.a3 Bc8g4
10.Nf3e1 Ra8d8
11.Bc4xa6 Ng8e7
12.Qd5b5 bxa6
13.Qb5xa6 Nc6d4
14.f3 Bg4d7
15.Bc1e3 Ne7c6
16.Nc3d5 Qf6g6
17.c3 Nd4b3
18.Ra1d1 Rd8b8
19.Nd5b4 Nb3a5
20.Nb4xc6 Na5xc6
21.b4 O-O
22.Qa6e2 Nc6e7
23.c4 Rb8a8
24.Qe2d3 Bd7a4
25.Rd1c1 f5
26.c5 fxe4
27.fxe4 Rf8xf1
28.Kxf1 c6
29.Qd3xd6 Qg6xe4
30.Be3f2 Ne7f5
31.Qd6e6 Kh7
32.Ne1f3 Ba4b5
33.Kg1 Qe4f4
34.Rc1e1 Nf5d4
35.Nf3xd4 exd4
36.Qe6b3 d3
37.Bf2e3 Qf4g4
38.Qb3c3 Qg4e6
39.Be3d4 Qe6g6
40.Re1e3 Ra8f8
41.Qc3d2 Rf8f7
42.Re3g3 Qg6e6
43.Rg3e3 Qe6b3
44.Bd4b2 Rf7d7
45.h3 Qb3c2
46.Bb2c1 Qc2c4
{ draw }
1/2-1/2

[Event "Match"]
[Site "www.echecsemail.com"]
[Date "2019.06.22"]
[Round "1"]
[White "Gimmyg"]
[Black "Yudoka"]
[WhiteElo "2530"]
[BlackElo "2370"]
[Result "1-0"]
[Round "1"]
1.Nb1c3 d5
2.e4 c6
3.d4 dxe4
4.Nc3xe4 Bc8f5
5.Ne4g3 Bf5g6
6.Ng1f3 Nb8d7
7.Bf1d3 Bg6xd3
8.Qd1xd3 Qd8c7
9.c4 e6
10.O-O Ng8f6
11.Bc1d2 Bf8d6
12.Rf1e1 O-O
13.Bd2c3 Rf8d8
14.Ra1c1 a5
15.Ng3e4 Bd6b4
16.h3 Nf6xe4
17.Qd3xe4 Nd7f6
18.Qe4e5 Qc7xe5
19.Nf3xe5  { time }
1-0